000
00320nam a2200133Ia 4500
005
20260328104327.0
008
260328s9999||||xx |||||||||||||| ||und||
100
_a
Vásquez, Samuel
245
0
_a
El Abrazo de la Mirada /
_c
Samuel Vásquez
260
_b
Cascada
300
_a
65 p.
650
_a
COLOMBIA
942
_c
BK
999
_c
11573
_d
11573